| 000 | 00611cam a2200169 a 4500 | ||
|---|---|---|---|
| 020 | _a0821309749 | ||
| 082 | 0 | 0 |
_a388.90076 _bSTR _cD |
| 100 |
_aPaul G. Clark. _938817 |
||
| 245 | 0 | 0 |
_aStructural adjustment in Lowinca : _ba case exercise in economic policy analysis / _cPaul G. Clark |
| 260 |
_aWashington, D.C. : _bWorld Bank, _cc1988. |
||
| 300 |
_ax, 243 p. ; _c28 cm. |
||
| 526 |
_a0 _b0 _c0 _d388_900760000000000_STR |
||
| 650 | 0 |
_aMCE _zDeveloping Countries _xProblems, exercises, etc. _938818 |
|
| 650 | 0 |
_ax, 243 p. : _xProblems, exercises, etc. _938819 |
|
| 700 | 1 |
_aClark, Paul G. _938820 |
|
| 942 |
_2ddc _cBK |
||
| 999 |
_c543456 _d543456 |
||